000 00610nam a2200133Ia 4500
008 220620s9999||||xx |||||||||||||| ||und||
020 _a9780260000000
245 0 _aInventive Minds
_bMarvin Minsky on Education
546 _aEnglish[eng]
650 _acomputer science||One Laptop per Child||OLPC||Logo||scratch||artificial intelligence||AI||W. Walter Grey||MIT||Seymour Papert||Alan Kay||Dynabook||Hal Abelson||Gary Stager||Margaret Minsky||Patrick Winston||Brian Silverman||Walter Bender||Media Lab
700 _aSolomon, Cynthia||Xiao, Xiao
856 _uhttp://mitpress.mit.edu/9780262039093
942 _cEB
999 _c24759
_d24759